[Event "OP-2011-0-01978"]
[Site "LSS email"]
[Date "2012.01.02"]
[Round "?"]
[White "Lykhomano, Romano"]
[Black "Panov, Sergey Ivanovich"]
[Result "0-1"]
[WhiteElo "1107"]
[BlackElo "1863"]
[PlyCount "38"]
[EventDate "2011.12.30"]
[EventType "tourn (corr)"]
[EventRounds "4"]
[EventCountry "GER"]
[SourceTitle "Telechess CBM 157"]
[Source "ChessBase"]
[SourceDate "2013.11.12"]
[SourceVersion "1"]
[SourceVersionDate "2013.11.12"]
[SourceQuality "1"]

1. d4 Nf6 2. c4 e6 3. Nc3 Bb4 4. Nf3 b6 5. e3 Ne4 6. Qb3 Bxc3+ 7. bxc3 0-0 8. Bd3 Bb7 9. 0-0 f5 10. Ba3 Rf6 11. d5 c6 12. Bxe4 fxe4 13. Ne5 c5 14. f4 exf3 15. Rxf3 d6 16. Rxf6 Qxf6 17. Ng4 Qg6 18. h3 h5 19. Nf2 Nd7 0-1

[Event "OP-2011-0-01918"]
[Site "LSS email"]
[Date "2011.12.04"]
[Round "?"]
[White "Lykhomano, Romano"]
[Black "Balosetti, Davide"]
[Result "1-0"]
[WhiteElo "1137"]
[BlackElo "1683"]
[PlyCount "67"]
[EventDate "2011.11.30"]
[EventType "tourn (corr)"]
[EventRounds "4"]
[EventCountry "GER"]
[SourceTitle "Telechess CBM 157"]
[Source "ChessBase"]
[SourceDate "2013.11.12"]
[SourceVersion "1"]
[SourceVersionDate "2013.11.12"]
[SourceQuality "1"]

1. d4 Nf6 2. c4 g6 3. Nc3 Bg7 4. e4 d6 5. Nf3 0-0 6. Be2 e5 7. dxe5 dxe5 8. Bg5 c6 9. Qxd8 Rxd8 10. 0-0 Re8 11. Rfd1 Bg4 12. h3 Bxf3 13. Bxf3 Nbd7 14. Rd2 h6 15. Be3 b6 16. Rad1 Kh7 17. Rxd7 Nxd7 18. Rxd7 Kg8 19. c5 b5 20. a4 b4 21. Na2 a5 22. Nc1 Rad8 23. Rc7 f5 24. Nb3 f4 25. Bc1 Rd3 26. Nxa5 b3 27. Nxc6 Bf8 28. Be2 Rd4 29. Nxd4 exd4 30. Bc4+ Kh8 31. Bd5 Bg7 32. a5 d3 33. a6 Bxb2 34. Bxb2+ 1-0

[Event "OP-2011-0-01912"]
[Site "LSS email"]
[Date "2011.11.30"]
[Round "?"]
[White "Lewis, Jerome A"]
[Black "Lykhomano, Romano"]
[Result "0-1"]
[WhiteElo "1128"]
[BlackElo "1100"]
[PlyCount "50"]
[EventDate "2011.11.27"]
[EventType "tourn (corr)"]
[EventRounds "4"]
[EventCountry "GER"]
[SourceTitle "Telechess CBM 157"]
[Source "ChessBase"]
[SourceDate "2013.11.12"]
[SourceVersion "1"]
[SourceVersionDate "2013.11.12"]
[SourceQuality "1"]

1. d4 Nf6 2. Nc3 g6 3. Bg5 Bg7 4. f3 h6 5. Bh4 0-0 6. Qd2 d6 7. e3 c5 8. Bd3 Be6 9. Nge2 c4 10. Be4 Nxe4 11. Nxe4 f5 12. N4c3 Nd7 13. Bg3 Nf6 14. d5 Bf7 15. Nf4 g5 16. Ne6 Bxe6 17. dxe6 Qc8 18. 0-0-0 Qxe6 19. Rhe1 Qd7 20. Nd5 Kh7 21. Nxf6+ Bxf6 22. Qd5 Qa4 23. a3 c3 24. Qxf5+ Kg7 25. Rd4 Bxd4 0-1

[Event "OP-2011-0-01912"]
[Site "LSS email"]
[Date "2011.11.30"]
[Round "?"]
[White "Lykhomano, Romano"]
[Black "Corbacho, Jose Luis"]
[Result "1-0"]
[WhiteElo "1100"]
[BlackElo "1569"]
[PlyCount "85"]
[EventDate "2011.11.27"]
[EventType "tourn (corr)"]
[EventRounds "4"]
[EventCountry "GER"]
[SourceTitle "Telechess CBM 157"]
[Source "ChessBase"]
[SourceDate "2013.11.12"]
[SourceVersion "1"]
[SourceVersionDate "2013.11.12"]
[SourceQuality "1"]

1. d4 f5 2. c4 Nf6 3. Nc3 g6 4. Nf3 d6 5. g3 Bg7 6. Bg2 0-0 7. 0-0 Qe8 8. Be3 e5 9. dxe5 dxe5 10. Bc5 Rf7 11. Qb3 Nc6 12. Ng5 Rd7 13. Bd5+ Nxd5 14. cxd5 Na5 15. Qb5 b6 16. Bb4 a6 17. Qa4 Bb7 18. Bxa5 bxa5 19. Qxa5 c6 20. dxc6 Bxc6 21. Rad1 h6 22. Rxd7 Qxd7 23. Rd1 Qe8 24. Nf3 e4 25. Nd4 Bb5 26. b3 e3 27. f4 Qd8 28. Qxd8+ Rxd8 29. Ndxb5 Rxd1+ 30. Nxd1 axb5 31. Nxe3 Bd4 32. Kf2 b4 33. Kf3 Kf7 34. Nd5 Bc5 35. e4 Ke6 36. g4 h5 37. g5 Bd6 38. h3 Bc5 39. Ne3 Bd4 40. exf5+ gxf5 41. Nc4 Bc5 42. Kg3 Bd6 43. Nxd6 1-0

[Event "LSS No Engine Cup 54 Preliminary 7"]
[Site "LSS email"]
[Date "2011.11.16"]
[Round "?"]
[White "Lykhomano, Romano"]
[Black "Weimer, Dennis"]
[Result "0-1"]
[WhiteElo "1100"]
[BlackElo "1213"]
[PlyCount "30"]
[EventDate "2011.11.17"]
[EventType "tourn (corr)"]
[EventRounds "6"]
[EventCountry "GER"]
[SourceTitle "Corr 2015"]
[Source "ChessBase"]
[SourceDate "2015.07.17"]
[SourceVersion "1"]
[SourceVersionDate "2015.07.17"]
[SourceQuality "1"]

1. d4 Nf6 2. c4 e6 3. Nc3 Bb4 4. Nf3 b6 5. e3 Bb7 6. Bd2 0-0 7. Bd3 c5 8. 0-0 cxd4 9. Nxd4 Nc6 10. Nxc6 Bxc6 11. Qc2 Rc8 12. a3 Be7 13. f3 d5 14. Rac1 dxc4 15. Bxc4 Bxf3 0-1

[Event "SF-2011-0-00119"]
[Site "LSS email"]
[Date "2011.11.08"]
[Round "?"]
[White "Lykhomano, Romano"]
[Black "Lonyuk, Bohdan"]
[Result "1-0"]
[WhiteElo "1137"]
[BlackElo "1087"]
[PlyCount "59"]
[EventDate "2011.10.19"]
[EventType "tourn (corr)"]
[EventRounds "6"]
[EventCountry "GER"]
[SourceTitle "Telechess CBM 157"]
[Source "ChessBase"]
[SourceDate "2013.11.12"]
[SourceVersion "1"]
[SourceVersionDate "2013.11.12"]
[SourceQuality "1"]

1. d4 d5 2. c4 e6 3. Nc3 c6 4. e4 dxe4 5. Nxe4 Bb4+ 6. Nc3 c5 7. a3 Ba5 8. Nge2 Nf6 9. dxc5 Qxd1+ 10. Kxd1 Nc6 11. b4 Bc7 12. h3 Ne5 13. Nd4 0-0 14. Kc2 Nfd7 15. Ncb5 Bd8 16. Bb2 a6 17. Nd6 b5 18. cxb5 axb5 19. Bxb5 Ba6 20. Bxd7 Nxd7 21. Nc6 Bc7 22. Rhd1 Bxd6 23. Rxd6 Nf6 24. Bxf6 gxf6 25. a4 Bc4 26. Kc3 Bd5 27. Ne7+ Kg7 28. Nxd5 exd5 29. a5 Rad8 30. a6 1-0

[Event "SF-2011-0-00119"]
[Site "LSS email"]
[Date "2011.11.08"]
[Round "?"]
[White "Lykhomano, Romano"]
[Black "Shim Ng Min, Francis"]
[Result "1-0"]
[WhiteElo "1137"]
[BlackElo "1091"]
[PlyCount "89"]
[EventDate "2011.10.19"]
[EventType "tourn (corr)"]
[EventRounds "6"]
[EventCountry "GER"]
[SourceTitle "Telechess CBM 157"]
[Source "ChessBase"]
[SourceDate "2013.11.12"]
[SourceVersion "1"]
[SourceVersionDate "2013.11.12"]
[SourceQuality "1"]

1. d4 Nf6 2. c4 g6 3. Nc3 Bg7 4. e4 d6 5. Nf3 0-0 6. Be2 e5 7. dxe5 dxe5 8. Qxd8 Rxd8 9. Bg5 Re8 10. Nd5 Nxd5 11. cxd5 Bg4 12. h3 Bxf3 13. Bxf3 c6 14. 0-0-0 cxd5 15. Rxd5 Nc6 16. Kb1 f6 17. Be3 Red8 18. Rhd1 b6 19. Rxd8+ Rxd8 20. Rxd8+ Nxd8 21. Be2 Bf8 22. a3 Bd6 23. Bc4+ Kg7 24. Bd5 h5 25. b4 Kf8 26. Kc2 Ke7 27. Kd3 Ne6 28. Kc4 Nc7 29. Bb7 h4 30. Bc8 g5 31. Bg4 Kd8 32. g3 hxg3 33. fxg3 Bf8 34. h4 Bh6 35. h5 Ke7 36. a4 Kd6 37. Bf5 Kc6 38. b5+ Kb7 39. Bd7 Kb8 40. g4 Bf8 41. Bd2 Bg7 42. Bb4 Kb7 43. Be7 Kb8 44. h6 Bh8 45. Bf8 1-0

[Event "SF-2011-0-00119"]
[Site "LSS email"]
[Date "2011.11.08"]
[Round "?"]
[White "Pereira, Antonio"]
[Black "Lykhomano, Romano"]
[Result "1/2-1/2"]
[WhiteElo "1110"]
[BlackElo "1137"]
[PlyCount "88"]
[EventDate "2011.10.19"]
[EventType "tourn (corr)"]
[EventRounds "6"]
[EventCountry "GER"]
[SourceTitle "Telechess CBM 155"]
[Source "ChessBase"]
[SourceDate "2013.07.16"]
[SourceVersion "1"]
[SourceVersionDate "2013.07.16"]
[SourceQuality "1"]

1. e4 c6 2. Nc3 d5 3. exd5 cxd5 4. Nf3 Nf6 5. d4 Bg4 6. h3 Bxf3 7. Qxf3 e6 8. Be3 Nc6 9. Bd3 Be7 10. 0-0 0-0 11. a3 a6 12. Rfe1 Bd6 13. Rab1 Rc8 14. Ne2 e5 15. dxe5 Nxe5 16. Qf5 Nxd3 17. Qxd3 Re8 18. Nc3 Be5 19. Bd4 Bxd4 20. Qxd4 Re6 21. Rbd1 Rxe1+ 22. Rxe1 Rc4 23. Qe5 g6 24. Re2 Rc6 25. g4 h6 26. Kg2 Re6 27. Qd4 Rxe2 28. Nxe2 Qd6 29. Nf4 Qc6 30. c3 g5 31. Nd3 a5 32. b3 Nd7 33. f4 Nf8 34. f5 Nd7 35. b4 a4 36. Kf1 Nf6 37. Ke2 b5 38. Nc5 Qd6 39. Kd1 Kh7 40. Ne6 Qg3 41. Nxg5+ hxg5 42. Qxf6 Qd3+ 43. Kc1 Qe3+ 44. Kb2 Qd2+ 1/2-1/2

[Event "SF-2011-0-00119"]
[Site "LSS email"]
[Date "2011.11.08"]
[Round "?"]
[White "Zwaneveld, Ansel"]
[Black "Lykhomano, Romano"]
[Result "0-1"]
[WhiteElo "1116"]
[BlackElo "1137"]
[PlyCount "52"]
[EventDate "2011.10.19"]
[EventType "tourn (corr)"]
[EventRounds "6"]
[EventCountry "GER"]
[SourceTitle "Telechess CBM 155"]
[Source "ChessBase"]
[SourceDate "2013.07.16"]
[SourceVersion "1"]
[SourceVersionDate "2013.07.16"]
[SourceQuality "1"]

1. d4 Nf6 2. Nf3 g6 3. Nc3 Bg7 4. e3 0-0 5. Bd3 d5 6. Qe2 c5 7. dxc5 Nbd7 8. 0-0 Nxc5 9. Bd2 Nxd3 10. cxd3 b6 11. b4 Bg4 12. h3 Bxf3 13. Qxf3 d4 14. Ne4 Nxe4 15. Qxe4 dxe3 16. Bxe3 Bxa1 17. Rxa1 Qd7 18. a4 Rac8 19. a5 Rc6 20. axb6 axb6 21. d4 Rc4 22. Rb1 b5 23. Kf1 Re8 24. Qe5 f6 25. Qg3 e5 26. dxe5 Qd3+ 0-1

[Event "SN-2011-0-00388"]
[Site "LSS email"]
[Date "2011.10.17"]
[Round "?"]
[White "Linart, Ludvik"]
[Black "Lykhomano, Romano"]
[Result "1-0"]
[WhiteElo "845"]
[BlackElo "908"]
[PlyCount "57"]
[EventDate "2011.10.01"]
[EventType "tourn (corr)"]
[EventRounds "6"]
[EventCountry "GER"]
[SourceTitle "Telechess CBM 149"]
[Source "ChessBase"]
[SourceDate "2012.07.17"]
[SourceVersion "1"]
[SourceVersionDate "2012.07.17"]
[SourceQuality "1"]

1. d4 Nf6 2. Bg5 g6 3. Bxf6 exf6 4. e3 Bg7 5. Nf3 d5 6. Nbd2 Bg4 7. Be2 Nd7 8. 0-0 0-0 9. c4 Bxf3 10. Nxf3 f5 11. c5 c6 12. b4 Nf6 13. Rb1 Ne4 14. Qc2 Qc7 15. a4 a6 16. b5 axb5 17. axb5 cxb5 18. Rxb5 Ra5 19. Rfb1 Rxb5 20. Rxb5 Rb8 21. Bd3 Bf6 22. Qb3 Bd8 23. Bxe4 fxe4 24. Ne1 Qc6 25. g3 Kg7 26. Ng2 Bc7 27. Nf4 Bxf4 28. gxf4 f5 29. Rb6 1-0

[Event "SN-2011-0-00388"]
[Site "LSS email"]
[Date "2011.10.17"]
[Round "?"]
[White "Lykhomano, Romano"]
[Black "Bester, Kazimierz"]
[Result "0-1"]
[WhiteElo "908"]
[BlackElo "769"]
[PlyCount "31"]
[EventDate "2011.10.01"]
[EventType "tourn (corr)"]
[EventRounds "6"]
[EventCountry "GER"]
[SourceTitle "Corr 2015"]
[Source "ChessBase"]
[SourceDate "2015.07.17"]
[SourceVersion "1"]
[SourceVersionDate "2015.07.17"]
[SourceQuality "1"]

1. d4 d5 2. c4 dxc4 3. Nc3 Bd7 4. a4 Bg4 5. f3 Bf5 6. e4 Bd7 7. Bxc4 Nc6 8. Nge2 e6 9. Bf4 Bb4 10. 0-0 Nge7 11. Nb5 Ba5 12. Nbc3 Ng6 13. Bg3 0-0 14. d5 Nb4 15. dxe6 fxe6 16. Nf4 0-1

[Event "ZN-2011-0-01706"]
[Site "LSS email"]
[Date "2011.10.02"]
[Round "?"]
[White "Lykhomano, Romano"]
[Black "Cruz Rivera, Pablo Ricardo"]
[Result "1-0"]
[WhiteElo "908"]
[BlackElo "718"]
[PlyCount "43"]
[EventDate "2011.09.27"]
[EventType "match (corr)"]
[EventRounds "2"]
[EventCountry "GER"]
[SourceTitle "Telechess CBM 149"]
[Source "ChessBase"]
[SourceDate "2012.07.17"]
[SourceVersion "1"]
[SourceVersionDate "2012.07.17"]
[SourceQuality "1"]

1. d4 d5 2. c4 Qd7 3. Bf4 dxc4 4. Nc3 Na6 5. a4 Nf6 6. e3 Qc6 7. Nf3 e6 8. Ne5 Qb6 9. Nxc4 Qb4 10. Qd2 Be7 11. Be2 0-0 12. 0-0 h6 13. h3 g5 14. Bh2 Rd8 15. Qc2 Rd7 16. Ne5 Rd8 17. Ng4 Bf8 18. Nxf6+ Kg7 19. Nh5+ Kh8 20. Nf6 Kg7 21. Be5 Be7 22. Qh7+ 1-0

[Event "SN-2011-0-00384"]
[Site "LSS email"]
[Date "2011.10.02"]
[Round "?"]
[White "Lykhomano, Romano"]
[Black "Nyeste, Gyula"]
[Result "0-1"]
[WhiteElo "993"]
[BlackElo "909"]
[PlyCount "36"]
[EventDate "2011.09.12"]
[EventType "tourn (corr)"]
[EventRounds "6"]
[EventCountry "GER"]
[SourceTitle "Telechess CBM 149"]
[Source "ChessBase"]
[SourceDate "2012.07.17"]
[SourceVersion "1"]
[SourceVersionDate "2012.07.17"]
[SourceQuality "1"]

1. Nf3 d6 2. c4 g6 3. d4 Bg7 4. Nc3 Nf6 5. e4 0-0 6. Be3 c6 7. Qd2 Be6 8. Be2 a6 9. 0-0 Qc7 10. Ng5 b5 11. Nxe6 fxe6 12. f4 b4 13. Na4 a5 14. Bd3 Nbd7 15. b3 Ng4 16. f5 d5 17. g3 Qa7 18. fxe6 Nxe3 0-1

[Event "OP-2011-0-01749"]
[Site "LSS email"]
[Date "2011.08.30"]
[Round "?"]
[White "Lykhomano, Romano"]
[Black "Pinilla Munoz, Sonia"]
[Result "0-1"]
[WhiteElo "908"]
[BlackElo "1060"]
[PlyCount "53"]
[EventDate "2011.08.26"]
[EventType "tourn (corr)"]
[EventRounds "4"]
[EventCountry "GER"]
[SourceTitle "Telechess CBM 151"]
[Source "ChessBase"]
[SourceDate "2012.11.13"]
[SourceVersion "1"]
[SourceVersionDate "2012.11.13"]
[SourceQuality "1"]

1. d4 Nf6 2. c4 g6 3. Nc3 Bg7 4. e4 d6 5. f3 0-0 6. Be3 Nbd7 7. Bd3 c5 8. d5 Ne5 9. Nge2 Nxd3+ 10. Qxd3 a6 11. Kd2 Nd7 12. f4 Qb6 13. Rab1 Qa5 14. a3 b5 15. cxb5 axb5 16. Qxb5 Qc7 17. h4 Ba6 18. Qb3 Rfb8 19. Qc2 Qa5 20. h5 Nb6 21. b3 Qxa3 22. hxg6 fxg6 23. f5 Qb4 24. fxg6 hxg6 25. e5 Bxe2 26. Kxe2 Qg4+ 27. Kd2 0-1

[Event "OP-2011-0-01749"]
[Site "LSS email"]
[Date "2011.08.30"]
[Round "?"]
[White "Pereira, Antonio"]
[Black "Lykhomano, Romano"]
[Result "1-0"]
[WhiteElo "1090"]
[BlackElo "908"]
[PlyCount "43"]
[EventDate "2011.08.26"]
[EventType "tourn (corr)"]
[EventRounds "4"]
[EventCountry "GER"]
[SourceTitle "Telechess CBM 151"]
[Source "ChessBase"]
[SourceDate "2012.11.13"]
[SourceVersion "1"]
[SourceVersionDate "2012.11.13"]
[SourceQuality "1"]

1. e4 c6 2. Nc3 d5 3. exd5 cxd5 4. Bb5+ Bd7 5. Nf3 Bxb5 6. Nxb5 e6 7. 0-0 Nf6 8. d3 a6 9. Nbd4 Be7 10. Bf4 0-0 11. c4 dxc4 12. dxc4 Nbd7 13. Qd2 Nc5 14. Qc2 Bd6 15. Bxd6 Qxd6 16. Rfe1 Rad8 17. Rad1 Qc7 18. b4 Ncd7 19. c5 Nd5 20. a3 N7f6 21. Ne5 Nd7 22. Nxf7 1-0

[Event "SN-2011-0-00377"]
[Site "LSS email"]
[Date "2011.08.29"]
[Round "?"]
[White "Lykhomano, Romano"]
[Black "Linart, Ludvik"]
[Result "1-0"]
[WhiteElo "993"]
[BlackElo "809"]
[PlyCount "39"]
[EventDate "2011.08.17"]
[EventType "tourn (corr)"]
[EventRounds "6"]
[EventCountry "GER"]
[SourceTitle "Telechess CBM 149"]
[Source "ChessBase"]
[SourceDate "2012.07.17"]
[SourceVersion "1"]
[SourceVersionDate "2012.07.17"]
[SourceQuality "1"]

1. d4 Nf6 2. c4 e6 3. Nc3 Bb4 4. Bg5 Bxc3+ 5. bxc3 b6 6. e3 d5 7. cxd5 exd5 8. c4 Qd6 9. Bxf6 Qxf6 10. Qf3 Qxf3 11. Nxf3 Be6 12. cxd5 Bxd5 13. Be2 0-0 14. 0-0 Nd7 15. Nd2 Rfe8 16. Bc4 Bxc4 17. Nxc4 c5 18. a4 cxd4 19. exd4 Rac8 20. Nd6 1-0

[Event "RN-2011-0-00395"]
[Site "LSS email"]
[Date "2011.07.22"]
[Round "?"]
[White "Lebduska, Daniel"]
[Black "Lykhomano, Romano"]
[Result "1-0"]
[WhiteElo "541"]
[BlackElo "1589"]
[PlyCount "43"]
[EventDate "2011.07.03"]
[EventType "tourn (corr)"]
[EventRounds "6"]
[EventCountry "GER"]
[SourceTitle "Telechess CBM 151"]
[Source "ChessBase"]
[SourceDate "2012.11.13"]
[SourceVersion "1"]
[SourceVersionDate "2012.11.13"]
[SourceQuality "1"]

1. e4 c5 2. Bc4 e6 3. Nf3 d5 4. exd5 exd5 5. Bb5+ Bd7 6. Bxd7+ Nxd7 7. 0-0 Bd6 8. d3 Ne7 9. Nc3 a6 10. Re1 0-0 11. Bg5 f6 12. Bh4 Qc7 13. Bg3 Rfe8 14. Re2 Bxg3 15. hxg3 Nb6 16. a4 d4 17. Ne4 Ng6 18. Qe1 Nd5 19. c3 dxc3 20. bxc3 b6 21. c4 Nb4 22. Nxf6+ 1-0

[Event "RN-2011-0-00395"]
[Site "LSS email"]
[Date "2011.07.22"]
[Round "?"]
[White "Lykhomano, Romano"]
[Black "Hughes, Chris"]
[Result "1-0"]
[WhiteElo "1589"]
[BlackElo "656"]
[PlyCount "63"]
[EventDate "2011.07.03"]
[EventType "tourn (corr)"]
[EventRounds "6"]
[EventCountry "GER"]
[SourceTitle "Telechess CBM 151"]
[Source "ChessBase"]
[SourceDate "2012.11.13"]
[SourceVersion "1"]
[SourceVersionDate "2012.11.13"]
[SourceQuality "1"]

1. d4 Nf6 2. c4 e6 3. Nc3 Bb4 4. a3 Bxc3+ 5. bxc3 c5 6. Bg5 Qa5 7. Bd2 Ne4 8. Qc2 Nxd2 9. Qxd2 d6 10. e3 Nd7 11. Nf3 0-0 12. Bd3 Nf6 13. 0-0 Qc7 14. Qc2 h6 15. a4 b6 16. d5 exd5 17. cxd5 Nxd5 18. Be4 Be6 19. Rfd1 Nf6 20. Bxa8 Rxa8 21. h3 Bd5 22. Nh4 Be4 23. Qe2 Re8 24. f3 Bc6 25. Qd2 Rd8 26. c4 Nh5 27. e4 Ng3 28. Kf2 Nh5 29. Nf5 Qd7 30. Qxd6 Qxd6 31. Rxd6 Rc8 32. Ne7+ 1-0

[Event "ZN-2011-0-01619"]
[Site "LSS email"]
[Date "2011.07.18"]
[Round "?"]
[White "Tobey, Al E"]
[Black "Lykhomano, Romano"]
[Result "0-1"]
[WhiteElo "544"]
[BlackElo "1589"]
[PlyCount "110"]
[EventDate "2011.07.13"]
[EventType "match (corr)"]
[EventRounds "2"]
[EventCountry "GER"]
[SourceTitle "Telechess CBM 147"]
[Source "ChessBase"]
[SourceDate "2012.03.16"]
[SourceVersion "1"]
[SourceVersionDate "2012.03.16"]
[SourceQuality "1"]

1. e4 c6 2. d4 d5 3. e5 Bf5 4. Bd3 Bxd3 5. Qxd3 e6 6. Nf3 Bb4+ 7. c3 Ba5 8. 0-0 h6 9. Nbd2 Ne7 10. Nb3 Nd7 11. Nxa5 Qxa5 12. b4 Qc7 13. a4 0-0 14. Ba3 Rfe8 15. a5 a6 16. Nd2 Nf5 17. Nb3 f6 18. exf6 Nxf6 19. Nc5 Nd6 20. Rae1 Nde4 21. Nxe4 Nxe4 22. Rc1 b5 23. Rc2 Rf8 24. g3 Rf6 25. f3 Nd6 26. Bc1 Nc4 27. f4 Raf8 28. Re2 Qf7 29. Ref2 e5 30. f5 e4 31. Qe2 Re8 32. g4 e3 33. Rf3 Qe7 34. Re1 Qe4 35. Qg2 Qb1 36. Rff1 Qe4 37. Qg3 Qd3 38. Qg2 Qxc3 39. g5 hxg5 40. Qxg5 Qxd4 41. Qf4 Qxf4 42. Rxf4 Re5 43. Re2 Rexf5 44. Rxf5 Rxf5 45. Kg2 Rf2+ 46. Rxf2 exf2 47. Kxf2 Kf7 48. Ke2 Ke6 49. h4 g6 50. Kd3 Ke5 51. Bh6 c5 52. bxc5 Nxa5 53. Kc3 Nc6 54. Kd3 d4 55. Bg7+ Kd5 0-1

[Event "SN-2011-0-00358"]
[Site "LSS email"]
[Date "2011.07.12"]
[Round "?"]
[White "Mori, Roberto"]
[Black "Lykhomano, Romano"]
[Result "0-1"]
[WhiteElo "681"]
[BlackElo "993"]
[PlyCount "70"]
[EventDate "2011.06.22"]
[EventType "tourn (corr)"]
[EventRounds "6"]
[EventCountry "GER"]
[SourceTitle "Telechess CBM 149"]
[Source "ChessBase"]
[SourceDate "2012.07.17"]
[SourceVersion "1"]
[SourceVersionDate "2012.07.17"]
[SourceQuality "1"]

1. e4 c6 2. Nf3 d5 3. e5 Bg4 4. Be2 Bxf3 5. Bxf3 e6 6. d4 Nd7 7. 0-0 Qc7 8. Bg5 Be7 9. Qd2 0-0-0 10. Qf4 f5 11. Nd2 Bxg5 12. Qxg5 g6 13. Nb3 Nb6 14. Nc5 Re8 15. Nd3 Nd7 16. Rfe1 Nf8 17. Qd2 Ne7 18. a3 Kb8 19. h3 Nc8 20. Rab1 Nb6 21. Nb4 Nc4 22. Qe2 h5 23. Qd3 h4 24. Na2 g5 25. Nb4 Nd7 26. Be2 Reg8 27. Qc3 g4 28. Kh1 gxh3 29. Qxh3 Nf8 30. Bxc4 dxc4 31. c3 Ng6 32. Kg1 Nf4 33. Qf3 Nxg2 34. Kf1 Nxe1 35. Kxe1 Rg1+ 0-1

[Event "ZN-2011-0-01606"]
[Site "LSS email"]
[Date "2011.07.08"]
[Round "?"]
[White "Lauer, Fredric"]
[Black "Lykhomano, Romano"]
[Result "1-0"]
[WhiteElo "925"]
[BlackElo "1589"]
[PlyCount "37"]
[EventDate "2011.07.04"]
[EventType "match (corr)"]
[EventRounds "2"]
[EventCountry "GER"]
[SourceTitle "Telechess CBM 151"]
[Source "ChessBase"]
[SourceDate "2012.11.13"]
[SourceVersion "1"]
[SourceVersionDate "2012.11.13"]
[SourceQuality "1"]

1. e4 c6 2. d4 d5 3. exd5 cxd5 4. c4 Nf6 5. Nc3 e6 6. Nf3 Be7 7. cxd5 Nxd5 8. Bd3 Nxc3 9. bxc3 0-0 10. 0-0 g6 11. Re1 Bf6 12. Ne5 Bg7 13. Ba3 Re8 14. Ng4 a6 15. Qd2 Bf8 16. Bxf8 Rxf8 17. Qf4 Nc6 18. Nf6+ Kg7 19. Ng4 1-0

[Event "ZN-2011-0-01604"]
[Site "LSS email"]
[Date "2011.07.06"]
[Round "?"]
[White "Lauer, Fredric"]
[Black "Lykhomano, Romano"]
[Result "1-0"]
[WhiteElo "940"]
[BlackElo "726"]
[PlyCount "51"]
[EventDate "2011.07.03"]
[EventType "match (corr)"]
[EventRounds "2"]
[EventCountry "GER"]
[SourceTitle "Telechess CBM 145"]
[Source "Chessbase"]
[SourceDate "2011.11.11"]
[SourceVersion "1"]
[SourceVersionDate "2011.11.11"]
[SourceQuality "1"]

1. Nf3 d5 2. d4 e6 3. Nc3 Nf6 4. Bg5 Be7 5. Qd3 Nbd7 6. 0-0-0 0-0 7. Bxf6 Nxf6 8. e4 dxe4 9. Nxe4 Nxe4 10. Qxe4 c6 11. Bd3 g6 12. Rhe1 Bf6 13. c3 Bg7 14. h4 h5 15. Kb1 Qc7 16. Ng5 e5 17. dxe5 Bf5 18. Qe3 Bxd3+ 19. Rxd3 Rfe8 20. e6 fxe6 21. Nxe6 Qf7 22. Qe2 Qf5 23. Ka1 Kh8 24. Rf3 Qb5 25. Qxb5 cxb5 26. Rfe3 1-0